Pés de barro (Registo nº 6128)

Detalhes MARC
000 -Etiqueta do registo
Valores 00539nam a2200193 4500
010 ## - Número ISBN
ISBN 9789895814275
021 ## - Número do Depósito Legal
Número 543739/25
100 ## - Dados gerais de processamento
Dados gerais 20251103d2025 m y0pory50030103ba
200 1# - Titulo e menção de responsabilidade
Título próprio Pés de barro
Primeira menção de responsabilidade Nuno Duarte
205 ## - Menção da edição
Edição 1ª ed
210 #9 - Publicação
Local de publicação Alfragide
Nome do editor Leya,
Data de publicação 2025
215 ## - Descrição física 
Paginação / Volumes 310 p.
675 ## - CDU
Notação 821.134.3-31
Edição PT
Língua por
700 #1 - Autor principal (pessoa individual)
Apelido Duarte,
Nome Nuno,
Datas 1973-
801 #0 - Fonte de origem
País PT
Agência BMVN
Regras de catalogação RPC
856 41 - Localização e acesso electrónico 
URL <a href="http://rnod.bnportugal.gov.pt/ImagesBN/winlibimg.aspx?skey=&doc=2230423&img=214648&save=true">http://rnod.bnportugal.gov.pt/ImagesBN/winlibimg.aspx?skey=&doc=2230423&img=214648&save=true</a>
990 ## - Elementos KOHA
Tipo de documento Livro
Exemplares
Situação do levantamento Biblioteca de origem Código de barras Cota Permissão de empréstimo Tipo de documento Forma de aquisição
  Biblioteca Escola Nº1 Vendas Novas 200000003362 LP DUA/PES   Livro  

Powered by Koha